00614cam a2200205 a 450000100100000000500170001000800410002702000150006804000290008308200180011210000230013024500530015326000330020630000280023949000290026758600330029665000220032965000260035183000310037700000789120200929154334.0831123s1983 sp a 000 1 spa  a8423312402 aDO-SdBNPbspacLCdBNPHU a863.64bA773t1 aArrabal, Fernando.13aLa torre herida por el rayo /cFernando Arrabal. aBarcelona :bDestino,c1983. a249 p. :bil. ;c22 cm.1 aÁncora y Delfínv570 a"Premio Eugenio Nadal 1982". 4aNovela española 4aLiteratura española 0aÁncora y Delfín ;v570